| 000 | 00836nam a22002777a 4500 | ||
|---|---|---|---|
| 001 | BR7803511 | ||
| 003 | BR-BrBNA | ||
| 005 | 20230928085619.0 | ||
| 007 | ta | ||
| 008 | 230509b bl.||||| |||| 00| 0 por d | ||
| 040 |
_aBR-BrBNA _bpor _cBiblioteca Nacional de Agricultura |
||
| 041 | _a(Por) | ||
| 072 |
_aL00; L30 _b5212 _b/G514 |
||
| 090 | _ 5212 BR7803511 | ||
| 110 | 1 | _aEmpresa de Assistencia Tecnica e Extensao Rural do Estado de Minas Gerais, Belo Horizonte (Brasil) | |
| 245 | 1 | _aProducao intensiva de carne bovina [Confinamento; Nutricao animal; Brasil] | |
| 260 | 3 |
_aBelo Horizonte, MG (Brasil): _c1978. |
|
| 300 | _a70 p. | ||
| 500 | _a78 tables | ||
| 650 | _aProducao animal | ||
| 650 | _aNutricao animal | ||
| 650 | _aConfinamento | ||
| 650 | _aBovino | ||
| 909 |
_a202309 _bLucia _c55 _dLucia Elande |
||
| 942 | _cBK | ||
| 999 |
_c25390 _d25390 |
||